Statistics for Comeback parts (Czech series)

Click here to take the quiz!

General Stats

  • This quiz has been taken 17 times
  • The average score is 25 of 51

Answer Stats

DílNázev% Correct
6Je jaro...
78%
3Komu zvoní hrany
78%
30Boží mlýny
67%
2Děvečka z lidečka
67%
2Gott ex machina
67%
1Křeslo
67%
9Křik kormorána
67%
10Lexa a porno
67%
25Prohozz
67%
15Sulc
67%
8Bejk
56%
20Berňák
56%
19Francouzská restaurace
56%
16Holter
56%
23Narozzeniny
56%
13Obraz paní Rybkové
56%
4Pomáhat a chránit
56%
5Pravidla rodinného provozzu
56%
24Rozzvod
56%
7Sbohem, Káhiro
56%
3Souboj titánů
56%
26Těžká hodina
56%
4Zlatá ledvina
56%
11Bez kláves neodejdu
44%
18CzechSteh
44%
11Giganti
44%
18Havárie
44%
16Heavy Christmas
44%
17Jmenuje se Dagmar!
44%
22Koprovka
44%
7Lupiči
44%
9Modelka
44%
21Scrabble trable
44%
14Simonina volba
44%
21Slepák
44%
13Sliby chyby
44%
17Strakonický bubák
44%
15Taneční
44%
10Třinácté pivo
44%
8Zdravý a nemocný
44%
12Zlatá rybka
44%
28Absťák
33%
6Cesta do Vtelna
33%
12Let mouchy
33%
14Zabijačka
33%
1Změna je pivo
33%
29Krev, pop a slzy
22%
19Mrtvý muž
22%
27Pan Prase odchází
22%
5Boží frisbee
11%
20Snad to vyjde příště
11%

Score Distribution

Percentile by Number Answered

Percent of People with Each Score

Your Score History

You have not taken this quiz